Η ιστορία της ανθρώπινης ηλιθιότητας : μια επιτομή στα πιο γελοία κατορθώματα, γεγονότα και πρόσωπα όλων των εποχών

Αποθηκεύτηκε σε:
Λεπτομέρειες βιβλιογραφικής εγγραφής
Κύριοι συγγραφείς: Krantz, Les, Sveum, Sue (Συγγραφέας)
Άλλοι συγγραφείς: Ιωαννίδης, Νίκος (Μεταφραστής)
Μορφή: Βιβλίο
Γλώσσα:Greek
Δημοσίευση: Αθήνα : Οξύ, 2007.
Θέματα:
Ετικέτες: Προσθήκη ετικέτας
Δεν υπάρχουν, Καταχωρήστε ετικέτα πρώτοι!

MARC

LEADER 00000cam a2200000 a 4500
001 1/110998
008 160603t2007####gr | ||| |||| ||gre||
020 |a 9789604361625 
040 |a GR-MyUa  |b gre  |c GR-MyUa  |e AACR2 
041 1 |a gre 
082 7 |a 031.02   |2 (23) 
100 0 |a Krantz, Les. 
245 1 1 |a Η ιστορία της ανθρώπινης ηλιθιότητας :   |b μια επιτομή στα πιο γελοία κατορθώματα, γεγονότα και πρόσωπα όλων των εποχών / Les Krantz, Sue Sveum q μετάφραση Νίκος Ιωαννίδης.  
260 |a Αθήνα :   |b Οξύ,   |c 2007.  
300 |a 324 σ. :   |b εικ. ;   |c 21 εκ.  
500 |a Τίτλος πρωτοτύπου: The world's worsts.  
650 0 |a Curiosities and wonders. 
650 0 |a World records. 
700 1 |a Sveum, Sue,  |e aut 
700 1 |a Ιωαννίδης, Νίκος,  |e trl 
852 |a INST  |b SAMOS  |e 20160603  |h 031.02 KRA  |p 005300043619  |q 005300043619  |t BK  |y 0 
970 |a Γουβάλα  |b Βάσω  |z 03-06-2016